00679nam a2200145 a 450000100100000000500170001000800410002704000250006808200150009311101440010824501400025226000690039230000330046170000390049400002907620210408120842.0110413s1993 dr ac 000 0 spa d aDO-SdBNPbspacBNPHU axxxbC748r1 aConferencia roles de las zonas francas industriales en el desarrollo económico de la República Dominicnad(1993: oct. 5cSanto Domingo)10aRoles de las zonas francas industriales en el desarrollo económico de la República Dominicna /cJosé Antonio Guzamán Álvares. aSanto Domingo :bUniversidad Autónoma de Santo Domingo,c1993. a27 p. :bil. retr. ;c22 cm. aGuzmán Álvares, José Antonio